Top 50 Most US Populated Urban Areas - Statistics

General Stats
  • This quiz has been taken 49 times
  • The average score is 44 of 50
Answer Stats
Population State City % Correct
8,478,072 New York New York City
100%
993,588 Texas Austin
98%
2,721,308 Illinois Chicago
98%
678,922 Nevada Las Vegas
98%
3,878,704 California Los Angeles
98%
1,326,087 Texas Dallas
95%
2,390,125 Texas Houston
95%
891,484 Indiana Indianapolis
95%
487,014 Florida Miami
95%
712,919 Oklahoma Oklahoma City
95%
1,573,916 Pennsylvania Philadelphia
95%
1,673,164 Arizona Phoenix
95%
1,526,656 Texas San Antonio
95%
1,404,452 California San Diego
95%
702,250 District of Columbia Washington DC
95%
729,019 Colorado Denver
93%
645,705 Michigan Detroit
93%
1,009,833 Florida Jacksonville
93%
704,963 Tennessee Nashville
93%
827,526 California San Francisco
93%
997,368 California San Jose
93%
780,995 Washington Seattle
93%
673,458 Massachusetts Boston
91%
943,476 North Carolina Charlotte
91%
933,263 Ohio Columbus
91%
550,105 California Fresno
91%
640,796 Kentucky Louisville
91%
520,070 Georgia Atlanta
88%
568,271 Maryland Baltimore
88%
1,008,106 Texas Fort Worth
88%
610,919 Tennessee Memphis
88%
428,579 Minnesota Minneapolis
88%
635,749 Oregon Portland
88%
535,798 California Sacramento
88%
414,547 Florida Tampa
88%
681,723 Texas El Paso
86%
516,032 Missouri Kansas City
86%
563,531 Wisconsin Milwaukee
86%
560,326 New Mexico Albuquerque
84%
493,554 Colorado Colorado Springs
81%
489,265 Nebraska Omaha
81%
554,013 Arizona Tucson
81%
499,825 North Carolina Raleigh
79%
415,154 Oklahoma Tulsa
79%
454,808 Virginia Virginia Beach
77%
443,554 California Oakland
74%
517,151 Arizona Mesa
72%
417,468 California Bakersfield
67%
450,901 California Long Beach
67%
403,672 Texas Arlington
58%
No matching quizzes found
Score Distribution
Percent of People with Each Score
Percentile by Number Answered
Your Score History
You have not taken this quiz